000 01152aam a2200349 i 4500
001 768714001
003 CO-MdFUSB
005 20250909112059.0
007 ta
008 240702t1992 be |||| |||| 00| 0 eng d
020 _a90-6831-436-X
040 _cCO-MdFUSB
041 0 _aeng
082 0 4 _223
_a227.1
_bL226
100 _aS. J., Jan Lambrecht
_eautor
245 1 0 _aThe Wretched "I" And Its Liberation :
_bPaul in Romans 7 and 8
_c/ Jan Lambrecht S. J.
264 1 _bPeeters Press,
_aLouvain, Bélgica :
_c[1992]
264 4 _c©1992
300 _a165 páginas
_c; 21 cm
336 _2rdacontent
_atexto
_btxt
337 _2rdamedia
_asin mediación
_bn
338 _2rdacarrier
_avolumen
_bnc
490 _aLouvain Theological & Pastoral Monographs
500 _aTabla de contenido traducido por la agencia catalogadora
505 _aPecado y ley (Romanos 3:1-8; 6:1-14 y 6:15-7:6. -- Romanos 7:7-25: Su estructura y línea de pensamiento. -- Romanos 7:7-25: Exégesis.
563 _aRústico
650 7 _aAntropología bíblica
_2embne
_96715
830 _v14
942 _cBK
945 _aJTF-925
999 _c44047
_d44047